Datum a čas kvízu

12.5 Celkem bodů Celkový počet nahraných bodů na tomto kvízu bez doplňovacích otázek.
11. Pořadí na kvízu Konečné umístění týmu na tomto kvízu.

Zaznamenané odpovědi

# Otázka Odpověď Body Výsledky
1. V sobotu byla pro návštěvníky... Bohumil Hrabal, Kersko 0
2. Buckinghamský palác odhalil v... D) motýl 0
3. Minulý týden začal režisér Tom... Tři princezny 0
4. Bývalá manželka Billa Gatese M... Gatesova nadace 0
5. V sobotu se v Rijádu konal dlo... Tyson Fury, Oleksandr Usyk 0
6. Jména Mnata, Vojen či Vnislav... A 0
7. K Janu Žižkovi se váže jistá p... C 0
8. Před kněžnou Libuší stanuli dv... A 0
9. Václav Podbrdský byl kameník,... A 1
10. Pokud dokážete určit, co tento... Stadice 0